000 00789nam a2200157Ia 4500
008 151213s9999 xx 000 0 und d
100 _aমো: ওমর চেীধুরী ও সৈয়দ জাবেদ সালেউদ্দিন ।
245 _aব্যাংক কোম্পানী আইন।১৯৯১
_cমো: ওমর চেীধুরী ও সৈয়দ জাবেদ সালেউদ্দিন ।
250 _a১ম স
260 _aঢাকা
_bবাংলাদেশ ‘ল’ বুক সেন্টার ।
_c2004
300 _a3476 p.
650 _aBangla
650 _aআইন
700 _aমো: ওমর চেীধুরী ও সৈয়দ জাবেদ সালেউদ্দিন ।
999 _c2299
_d2299